Help! Somebody get me out of fourth grade! / (Record no. 186)

MARC details
000 -LEADER
fixed length control field 01220nam a22003257a 4500
001 - CONTROL NUMBER
control field 186
003 - CONTROL NUMBER IDENTIFIER
control field FISKH
005 - DATE AND TIME OF LATEST TRANSACTION
control field 20230303090519.0
008 - FIXED-LENGTH DATA ELEMENTS--GENERAL INFORMATION
fixed length control field 230303b cb ||||| |||| 00| 0 eng d
040 ## - CATALOGING SOURCE
Original cataloging agency DLC
Transcribing agency DLC
Modifying agency DLC
-- FISKH
Language of cataloging eng
042 ## - AUTHENTICATION CODE
Authentication code lcac
050 00 - LIBRARY OF CONGRESS CALL NUMBER
Classification number PZ7.W72934
Item number He 2004
082 00 - DEWEY DECIMAL CLASSIFICATION NUMBER
Classification number 813.6
Edition number 22
100 1# - MAIN ENTRY--PERSONAL NAME
Personal name Winkler, Henry,
Dates associated with a name 1945-
245 10 - TITLE STATEMENT
Title Help! Somebody get me out of fourth grade! /
Statement of responsibility, etc. by Henry Winkler and Lin Oliver.
260 ## - PUBLICATION, DISTRIBUTION, ETC.
Place of publication, distribution, etc. New York :
Name of publisher, distributor, etc. Scholastic
Date of publication, distribution, etc. 2004
300 ## - PHYSICAL DESCRIPTION
Extent 156 p. :
Other physical details ill. ;
Dimensions 20 cm.
490 1# - SERIES STATEMENT
Series statement Hank Zipzer, the world's greatest underachiever ;
Volume/sequential designation 7
505 ## - FORMATTED CONTENTS NOTE
Formatted contents note M
520 ## - SUMMARY, ETC.
Summary, etc. Fearing that he may be failing fourth grade, Hank enlists the help of his friends, and even his annoying younger sister, in an effort to prevent his parents from attending a parent-teacher conference.
521 8# - TARGET AUDIENCE NOTE
Target audience note 720 <br/>
Source Lexile
521 8# - TARGET AUDIENCE NOTE
Target audience note M <br/>
Source Raz-Plus
650 #1 - SUBJECT ADDED ENTRY--TOPICAL TERM
Topical term or geographic name entry element Schools
Form subdivision Fiction.
650 #1 - SUBJECT ADDED ENTRY--TOPICAL TERM
Topical term or geographic name entry element Humorous stories.
700 1# - ADDED ENTRY--PERSONAL NAME
Personal name Oliver, Lin.
800 1# - SERIES ADDED ENTRY--PERSONAL NAME
Personal name Winkler, Henry,
Dates associated with a name 1945-
Title of a work Hank Zipzer ;
Volume/sequential designation 7.
856 42 - ELECTRONIC LOCATION AND ACCESS
Materials specified Publisher description
Uniform Resource Identifier <a href="http://www.loc.gov/catdir/enhancements/fy0718/2004020579-d.html">http://www.loc.gov/catdir/enhancements/fy0718/2004020579-d.html</a>
906 ## - LOCAL DATA ELEMENT F, LDF (RLIN)
a 7
b cbc
c orignew
d 1
e ecip
f 20
g y-gencatlg
942 ## - ADDED ENTRY ELEMENTS (KOHA)
Source of classification or shelving scheme Library of Congress Classification
Koha item type Books
Suppress in OPAC No
Holdings
Withdrawn status Lost status Source of classification or shelving scheme Damaged status Not for loan Collection Home library Current library Shelving location Date acquired Total Checkouts Full call number Barcode Date last seen Date last checked out Price effective from Koha item type
    Dewey Decimal Classification     Fiction Footprints International School Library Network Toul Kork Campus Footprints International School Library Network Toul Kork Campus TK Primary Library Room(4th Floor), Bookcase 5&6, Shelves 33-56, Orange Books 03/03/2023 1 WIN 813.6 PZ7.W72934 FISTK00318 09/13/2023 08/09/2023 03/03/2023 Books